Quiz wiedzy o piłce nożnej (konik Mistrzostwa Świata) - Statystyki

Ogólne statystyki
  • Ten quiz został rozwiązany 428 razy
  • Średni wynik to 8 z 10
Statystyki odpowiedzi
Zagadnienie Odpowiedź % Poprawnych
W którym klubie występowało słynne trio polskich zawodników? Borussia Dortmund
100%
Który zawodnik strzelił najwięcej bramek na turniejach Mistrzostw Świata? Mirosław Klose
100%
Który klub posiada najwięcej wygranych trofeów Ligi Mistrzów w historii? Real Madryt
100%
W jakim włoskim klubie grał Diego Maradona? SSC Napoli
100%
Ile razy Robert Lewandowski zdobył tytuł króla strzelców polskiej Ekstraklasy? 1
92%
W którym państwie został rozegrany pierwszy w historii turniej Mistrzostw Świata? Urugwaj
92%
Ile razy Pele zdobył Mistrzostwo Świata z Brazylią? 3
77%
Która reprezentacja zdobyła najwięcej medali Mistrzostw Europy w historii? Niemcy
69%
Na ilu turniejach Mistrzostw Świata wystąpiła reprezentacja Polski? 8
62%
W barwach ilu reprezentacji narodowych występował legendarny Alfredo Di Stefano? 3
23%
Nie znaleziono quizów pasujących do podanych kryteriów
Rozkład punktacji
Procent ludzi z każdym wynikiem
Percentyl według liczby udzielonych odpowiedzi
Twoja historia wyników
Nie rozwiązałeś tego quizu